Lana Del Rey - Chansons de l'album Lust for Life - Statistiques

Statistiques générales
  • Ce quiz a été pris 10 fois
  • Le résultat moyen est 14 sur 16
Statistiques - réponses
Hint Réponse % Correct
Lust for Life2 16 Get Free
100%
Lust for Life 7 Groupie Love (featuring ASAP Rocky)
100%
Lust for Life 1 Love
100%
Lust for Life 2 Lust for Life (featuring The Weeknd)
100%
Lust for Life 6 Summer Bummer (featuring ASAP Rocky and Playboi Carti)
100%
Lust for Life 3 13 Beaches
88%
Lust for Life2 12 Beautiful People Beautiful Problems (featuring Stevie Nicks)
88%
Lust for Life2 15 Change
88%
Lust for Life 4 Cherry
88%
Lust for Life2 14 Heroin
88%
Lust for Life2 11 When the World Was at War We Kept Dancing
88%
Lust for Life 5 White Mustang
88%
Lust for Life2 9 Coachella – Woodstock in My Mind
75%
Lust for Life2 10 God Bless America – and All the Beautiful Women in It
75%
Lust for Life2 13 Tomorrow Never Came (featuring Sean Ono Lennon)
75%
Lust for Life 8 In My Feelings
63%
Aucun quiz correspondant
Distribution des résultats
% des personnes avec chaque résultat
Percentile par nombre de réponses
Votre historique - résultats
Vous n’avez pas pris ce quiz